Knowledge -Based Systems for Engineers and Scientists. (Record no. 8176)

MARC details
000 -LEADER
fixed length control field 00606nam a22001937a 4500
003 - CONTROL NUMBER IDENTIFIER
control field OSt
005 - DATE AND TIME OF LATEST TRANSACTION
control field 20231002121215.0
008 - FIXED-LENGTH DATA ELEMENTS--GENERAL INFORMATION
fixed length control field 231002b |||||||| |||| 00| 0 eng d
020 ## - INTERNATIONAL STANDARD BOOK NUMBER
International Standard Book Number 0849386160
040 ## - CATALOGING SOURCE
Transcribing agency MUST
100 ## - MAIN ENTRY--PERSONAL NAME
Personal name Adrian A Hopgood
9 (RLIN) 16693
245 ## - TITLE STATEMENT
Title Knowledge -Based Systems for Engineers and Scientists.
260 ## - PUBLICATION, DISTRIBUTION, ETC. (IMPRINT)
Place of publication, distribution, etc. New York
Name of publisher, distributor, etc. CRC Press
Date of publication, distribution, etc. 1993
300 ## - PHYSICAL DESCRIPTION
Other physical details 387,ill.
Dimensions 23cm
440 ## - SERIES STATEMENT/ADDED ENTRY--TITLE
Title Knowledge -Based Systems for Engineers and Scientists.
9 (RLIN) 16694
504 ## - BIBLIOGRAPHY, ETC. NOTE
Bibliography, etc Includes Reference,Preface,Index.
650 ## - SUBJECT ADDED ENTRY--TOPICAL TERM
Source of heading or term Knowledge -Based Systems for Engineers and Scientists.
942 ## - ADDED ENTRY ELEMENTS (KOHA)
Source of classification or shelving scheme Other/Generic Classification Scheme
Koha item type Book
Holdings
Withdrawn status Lost status Source of classification or shelving scheme Damaged status Not for loan Home library Current library Date acquired Total Checkouts Barcode Date last seen Price effective from Koha item type
    Other/Generic Classification Scheme     Main Kihumuro Campus Main Kihumuro Campus 02/10/2023   2023-0551 02/10/2023 02/10/2023 Book